书目信息 |
| 题名: |
森林植被对PM2.5等颗粒物的调控机制与评价
|
|
| 作者: | 余新晓 , 伦小秀 , 张振明 著 | |
| 分册: | ||
| 出版信息: | 北京 科学出版社 2017.4 |
|
| 页数: | 283页 | |
| 开本: | 24cm | |
| 丛书名: | ||
| 单 册: | ||
| 中图分类: | S718.54 | |
| 科图分类: | ||
| 主题词: | 森林植被--调控--可吸入颗粒物--研究 | |
| 电子资源: | ||
| ISBN: | 978-7-03-052602-1 | |
| 000 | 00984nam0 2200253 450 | |
| 001 | 0400009226 | |
| 005 | 20171119150534.0 | |
| 010 | @a978-7-03-052602-1@dCNY108.00 | |
| 100 | @a20170619d2017 em y0chiy50 ea | |
| 101 | 0 | @achi |
| 102 | @aCN@b110000 | |
| 105 | @aa z 000yy | |
| 106 | @ar | |
| 200 | 1 | @a森林植被对PM2.5等颗粒物的调控机制与评价@Asen lin zhi bei dui PM2.5 deng ke li wu de tiao kong ji zhi yu ping jia@f余新晓,伦小秀,张振明等著 |
| 210 | @a北京@c科学出版社@d2017.4 | |
| 215 | @a283页@c图@d24cm | |
| 330 | @a本书介绍了森林植被对PM2.5等颗粒物的调控,包括沉降作用、阻滞作用、吸附作用。并且研究了北京市典型城市绿地及森林对PM2.5等颗粒物的调控效应和北京市PM2.5浓度时空变化与植被覆盖格局的关系。 | |
| 606 | 0 | @a森林植被@x调控@x可吸入颗粒物@x研究 |
| 690 | @aS718.54@v5 | |
| 701 | 0 | @a余新晓@Ayu xin xiao@4著 |
| 701 | 0 | @a伦小秀@Alun xiao xiu@4著 |
| 701 | 0 | @a张振明@Azhang zhen ming@4著 |
| 801 | 0 | @aCN@b上海新华@c20171119 |
| 905 | @b1028734-6@dS718.54@e105@f3 | |
| 森林植被对PM2.5等颗粒物的调控机制与评价/余新晓,伦小秀,张振明等著.-北京:科学出版社,2017.4 |
| 283页:图;24cm |
| ISBN 978-7-03-052602-1:CNY108.00 |
| 本书介绍了森林植被对PM2.5等颗粒物的调控,包括沉降作用、阻滞作用、吸附作用。并且研究了北京市典型城市绿地及森林对PM2.5等颗粒物的调控效应和北京市PM2.5浓度时空变化与植被覆盖格局的关系。 |
| ● |
| 相关链接 |
|
|
|
|
正题名:森林植被对PM2.5等颗粒物的调控机制与评价
索取号:S718.54/105
 
预约/预借
| 序号 | 登录号 | 条形码 | 馆藏地/架位号 | 状态 | 备注 |
| 1 | 1028734 | 210287349 | 第二样本阅览室/ [索取号:S718.54/105] | 在馆 | |
| 2 | 1028735 | 210287358 | 生命科学系资料室/ [索取号:S718.54/105] | 在馆 | |
| 3 | 1028736 | 210287367 | 第三借阅区/ [索取号:S718.54/105] | 在馆 |